[Event "SV Welper 1922-SV Merseburg"]
[Site "DVM U14 in Arendsee"]
[Date "2009.12.28"]
[Round "4.3"]
[White "Feuerherdt, Martin"]
[Black "Krummsdorf, Sven"]
[Result "1-0"]
[WhiteElo "1382"]
[BlackElo "1538"]
[PlyCount "115"]
[EventDate "2009.??.??"]
[WhiteTeam "SV Merseburg"]
[BlackTeam "SV Welper 1922"]

1. e4 {[%emt 0:00:00]} d5 2. exd5 Qxd5 3. Nc3 Qa5 4. d4 Nf6 5. Bc4 Bf5 6. Nf3
e6 7. Bd2 c6 8. Qe2 Be7 9. O-O-O O-O 10. Ne5 Nbd7 11. Rhf1 Rfe8 12. h3 Nxe5 13.
dxe5 Nd7 14. g4 Bg6 15. f4 h6 16. Qh2 Rad8 17. h4 b5 18. Nxb5 Qa4 19. f5 exf5
20. gxf5 Bh5 21. Nc7 Bxd1 22. Bb3 Qxh4 23. Qxh4 Bxh4 24. Nxe8 Rxe8 25. Bxf7+
Kxf7 26. e6+ Ke7 27. Bb4+ c5 28. exd7 Kxd7 29. Rxd1+ Kc6 30. Bc3 Bg5+ 31. Kb1
Bf6 32. Bxf6 gxf6 33. b3 Re5 34. Rh1 Rxf5 35. Rxh6 Kd5 36. Kc1 Kd4 37. Kb2 Rf2
38. Rh7 f5 39. Rxa7 f4 40. Rd7+ Ke3 41. Re7+ Kf3 42. a4 Rd2 43. Re5 Kg2 44.
Rg5+ Kf2 45. Rxc5 f3 46. Rc8 Ke1 47. Re8+ Re2 48. Rf8 f2 49. a5 f1=Q 50. Rxf1+
Kxf1 51. b4 Re4 52. Kb3 Ke2 53. a6 Re6 54. b5 Ke3 55. a7 Re8 56. b6 Re6 57.
a8=Q Rxb6+ 58. Kc4 1-0

[Event "SV Welper 1922-SV Merseburg"]
[Site "DVM U14 in Arendsee"]
[Date "2009.12.28"]
[Round "4.4"]
[White "Engelbracht, Lukas"]
[Black "Jacob, Hannes"]
[Result "1/2-1/2"]
[WhiteElo "1109"]
[BlackElo "1377"]
[PlyCount "77"]
[EventDate "2009.??.??"]
[WhiteTeam "SV Welper 1922"]
[BlackTeam "SV Merseburg"]

1. d4 d5 2. c4 e6 3. Nc3 Nf6 4. Bg5 Nbd7 5. e4 h6 6. Bxf6 Nxf6 7. e5 Nh7 8. Nf3
c6 9. c5 b6 10. b4 Ng5 11. Bd3 Be7 12. Nxg5 Bxg5 13. Qc2 a5 14. Rb1 axb4 15.
Rxb4 b5 16. O-O Bd7 17. Ra1 O-O 18. a4 Qa5 19. Qb1 Bd2 20. Qb2 Bxc3 21. Qxc3
Rfb8 22. h3 Ra7 23. Qb3 Rab7 24. Kh2 Kf8 25. Rb1 Qc7 26. g3 Qd8 27. h4 Qc7 28.
Rb2 Qa5 29. Qc2 Kg8 30. Qd1 Kh8 31. f4 Kg8 32. g4 Qc7 33. Kg3 Qd8 34. Qh1 Qc8
35. Kf3 Qc7 36. g5 h5 37. Qg1 g6 38. Ke3 Qa5 39. Qb1 1/2-1/2

[Event "SV Balingen-SC Einheit Bautzen"]
[Site "DVM U14 in Arendsee"]
[Date "2009.12.28"]
[Round "4.1"]
[White "Rührmund, Daniel"]
[Black "Geiger, Markus"]
[Result "1-0"]
[WhiteElo "1887"]
[BlackElo "1504"]
[PlyCount "83"]
[EventDate "2009.??.??"]
[WhiteTeam "SC Einheit Bautzen"]
[BlackTeam "SV Balingen"]

1. e4 {[%emt 0:00:00]} e5 2. Nf3 Nc6 3. Bb5 Bc5 4. O-O Nge7 5. h3 O-O 6. c3 Bb6
7. d4 exd4 8. cxd4 d5 9. e5 Nf5 10. Be3 Nxe3 11. fxe3 f6 12. Nc3 Kh8 13. Bxc6
bxc6 14. exf6 Rxf6 15. Ne5 Qe7 16. Qh5 Ba6 17. Rf4 g6 18. Qh4 Kg7 19. Rxf6 Qxf6
20. Qxf6+ Kxf6 21. Nxc6 Ke6 22. Nb4 Bb7 23. Nd3 Rf8 24. Na4 Kd6 25. Nac5 Bc8
26. Rf1 Rxf1+ 27. Kxf1 c6 28. Kf2 h5 29. Kf3 Bd8 30. Ne5 Bf5 31. Nb7+ Kc7 32.
Nxd8 Kxd8 33. Nxc6+ Kc7 34. Ne5 Kd6 35. Kf4 Be4 36. g4 hxg4 37. hxg4 Bb1 38. a3
Ke6 39. Kg5 a5 40. Nxg6 a4 41. Nf4+ Kd6 42. Kf6 1-0

[Event "SV Balingen-SC Einheit Bautzen"]
[Site "DVM U14 in Arendsee"]
[Date "2009.12.28"]
[Round "4.2"]
[White "Gomer, Dieter"]
[Black "Hase, Albert"]
[Result "0-1"]
[WhiteElo "1249"]
[BlackElo "1564"]
[PlyCount "56"]
[EventDate "2009.??.??"]
[WhiteTeam "SV Balingen"]
[BlackTeam "SC Einheit Bautzen"]

1. d4 d5 2. c4 e6 3. Nc3 Nf6 4. Nf3 c6 5. e3 Be7 6. Bd3 Nbd7 7. O-O O-O 8. Qc2
dxc4 9. Bxc4 Nb6 10. Bd3 c5 11. dxc5 Bxc5 12. Rd1 Qe7 13. e4 h6 14. a3 Ng4 15.
Rf1 Nd7 16. b4 Bb6 17. h3 Nge5 18. Nxe5 Nxe5 19. a4 Nxd3 20. Qxd3 Rd8 21. Qb1
Bd4 22. Qb3 e5 23. Rb1 Be6 24. Qa3 Qh4 25. Nb5 Qxe4 26. Bb2 Bxf2+ 27. Kh1 Rd3
28. Nc3 Rxh3# 0-1

[Event "SV Balingen-SC Einheit Bautzen"]
[Site "DVM U14 in Arendsee"]
[Date "2009.12.28"]
[Round "4.3"]
[White "Vu Tuan, Minh"]
[Black "Ilitsch, Marc"]
[Result "0-1"]
[WhiteElo "1399"]
[BlackElo "1171"]
[PlyCount "80"]
[EventDate "2009.??.??"]
[WhiteTeam "SC Einheit Bautzen"]
[BlackTeam "SV Balingen"]

1. e4 {[%emt 0:00:00]} e5 2. Nf3 Nc6 3. Bc4 Bc5 4. c3 Nf6 5. d3 O-O 6. O-O h6
7. b4 Bb6 8. a4 a6 9. Bb3 d5 10. Nbd2 Bg4 11. Re1 Qd7 12. h3 Bxf3 13. Nxf3 dxe4
14. dxe4 Qxd1 15. Bxd1 Rad8 16. Bc2 Rfe8 17. Bb2 Nd7 18. Nd2 Nf6 19. Nc4 Ba7
20. b5 Nb8 21. Na3 Bc5 22. c4 Rd2 23. Rac1 Rxf2 24. Kh1 axb5 25. cxb5 Bxa3 26.
Bxa3 Rd8 27. Bb4 Rd4 28. Bc5 Rxc2 29. Bxd4 Rxc1 30. Rxc1 exd4 31. Rd1 c5 32. e5
Ne4 33. Kg1 Nd7 34. a5 Nc3 35. Re1 Nxb5 36. Kf2 c4 37. Rb1 c3 38. Ke2 c2 39.
Rc1 Na3 40. Kd3 Nc5+ 0-1

[Event "Treptower SV 1949-Stader SV"]
[Site "DVM U14 in Arendsee"]
[Date "2009.12.28"]
[Round "4.1"]
[White "Lienau, Henrik"]
[Black "Pixa, Richard"]
[Result "1-0"]
[WhiteElo "1707"]
[BlackElo "1671"]
[PlyCount "121"]
[EventDate "2009.??.??"]
[WhiteTeam "Stader SV"]
[BlackTeam "Treptower SV 1949"]

1. Nf3 d5 2. g3 Nf6 3. Bg2 Nc6 4. O-O e5 5. d3 Be7 6. Nbd2 Bg4 7. e4 dxe4 8.
dxe4 O-O 9. h3 Bh5 10. c3 Qd3 11. Qb3 b6 12. Re1 Bg6 13. Qa4 Qd7 14. Nh4 Rad8
15. Nxg6 hxg6 16. Bf1 Na5 17. Bb5 c6 18. Bf1 c5 19. Qxd7 Rxd7 20. Nf3 Bd6 21.
Bb5 Rdd8 22. Kg2 Nb7 23. a3 Bc7 24. b4 a5 25. bxa5 Nxa5 26. Rb1 Nb7 27. Bb2 Nd6
28. Bd3 c4 29. Bc2 Nb7 30. a4 Ra8 31. Ba3 Rfd8 32. Red1 Rd7 33. Rxd7 Nxd7 34.
Nd2 Ndc5 35. Bxc5 Nxc5 36. Nxc4 Nxa4 37. Bxa4 Rxa4 38. Nxb6 Bxb6 39. Rxb6 Rxe4
40. Rb8+ Kh7 41. Kf3 Rc4 42. Rb3 Kh6 43. h4 f6 44. Ke3 e4 45. Kd2 f5 46. Rb4
Rc6 47. Rb5 Rc4 48. Kc2 e3 49. fxe3 Rg4 50. Kd3 Rxg3 51. c4 Rg4 52. c5 Re4 53.
c6 Re6 54. c7 Rc6 55. Rb8 Kh5 56. c8=Q Rxc8 57. Rxc8 Kxh4 58. Ke2 g5 59. Kf2 g4
60. Rg8 g5 61. Rh8# 1-0

[Event "Treptower SV 1949-Stader SV"]
[Site "DVM U14 in Arendsee"]
[Date "2009.12.28"]
[Round "4.2"]
[White "Döring, André Patrick"]
[Black "Vogt, Marc Jonas"]
[Result "0-1"]
[WhiteElo "1554"]
[BlackElo "1544"]
[PlyCount "48"]
[EventDate "2009.??.??"]
[WhiteTeam "Treptower SV 1949"]
[BlackTeam "Stader SV"]

1. d4 Nf6 2. c4 e6 3. Nc3 d5 4. Bg5 Nbd7 5. e3 Bb4 6. a3 Bxc3+ 7. bxc3 c5 8.
Nf3 Qa5 9. Be2 Qxc3+ 10. Nd2 Ne4 11. Rc1 Qa5 12. Bf4 Nb6 13. Bc7 Bd7 14. Bxb6
axb6 15. Ra1 cxd4 16. exd4 Rc8 17. f3 Nc3 18. Qc2 Nxe2 19. Kxe2 dxc4 20. a4 c3
21. Ne4 O-O 22. h4 f5 23. Nf2 Qd5 24. Rhd1 b5 0-1

[Event "Treptower SV 1949-Stader SV"]
[Site "DVM U14 in Arendsee"]
[Date "2009.12.28"]
[Round "4.3"]
[White "Schwarz, Nico"]
[Black "Tran, Khoa Anh Le"]
[Result "0-1"]
[WhiteElo "1341"]
[BlackElo "1481"]
[PlyCount "86"]
[EventDate "2009.??.??"]
[WhiteTeam "Stader SV"]
[BlackTeam "Treptower SV 1949"]

1. e4 {[%emt 0:00:00]} e6 2. d4 d5 3. Nc3 Bb4 4. exd5 exd5 5. Bd3 Nc6 6. Nge2
Nge7 7. a3 Bxc3+ 8. bxc3 O-O 9. Ng3 Ng6 10. O-O Be6 11. f4 f5 12. Re1 Qd7 13.
Rb1 b6 14. Qh5 Nce7 15. Bd2 Kh8 16. Qe2 Bg8 17. h4 Rae8 18. h5 Nc8 19. Qf2 Nge7
20. h6 g6 21. Bb5 c6 22. Qe2 Qd6 23. Bd3 Qf6 24. Qe5 Nd6 25. Re3 Qxe5 26. fxe5
Ne4 27. Be1 f4 28. Re2 fxg3 29. Bxe4 dxe4 30. Bxg3 Bd5 31. c4 Bxc4 32. Rxe4 Bd5
33. Ree1 Nf5 34. Bf2 Nxh6 35. Bh4 Ng4 36. Rf1 Kg8 37. a4 Rxf1+ 38. Rxf1 Rf8 39.
Rxf8+ Kxf8 40. Kf1 Ne3+ 41. Kf2 Nxc2 42. Kg3 Nxd4 43. Bf6 Kf7 0-1

[Event "Treptower SV 1949-Stader SV"]
[Site "DVM U14 in Arendsee"]
[Date "2009.12.28"]
[Round "4.4"]
[White "Heldt, Ronny"]
[Black "Vöge, Tobias"]
[Result "1/2-1/2"]
[WhiteElo "1365"]
[BlackElo "1488"]
[PlyCount "84"]
[EventDate "2009.??.??"]
[WhiteTeam "Treptower SV 1949"]
[BlackTeam "Stader SV"]

1. d4 d5 2. c4 e6 3. Nc3 f5 4. e3 Nf6 5. Nf3 c6 6. Be2 Bd6 7. c5 Bc7 8. O-O
Nbd7 9. h3 b6 10. b4 O-O 11. Bb2 a5 12. a3 Ba6 13. Bxa6 Rxa6 14. Qe2 Ra8 15.
Na2 Ne4 16. Nc3 Qf6 17. Nxe4 fxe4 18. Nd2 bxc5 19. bxc5 Rab8 20. Ra2 Nxc5 21.
Rc1 Nd3 22. Rxc6 Qxf2+ 23. Qxf2 Rxf2 24. Bc3 Bd8 25. Rxe6 Bg5 26. Ra1 Bxe3 27.
Nf1 Rf6+ 28. Nxe3 Rxe6 29. Bxa5 Ra8 30. Bc7 Nb4 31. a4 Ra7 32. Bd8 Rd6 33. Bh4
Nc6 34. Nc2 Kf7 35. Bg3 Re6 36. Bf2 Kf6 37. Ne3 Ne7 38. Ng4+ Kg5 39. Be3+ Kg6
40. Ne5+ Rxe5 41. dxe5 Ra6 42. a5 Kf5 1/2-1/2

[Event "SC Eppingen-SG Grün-Weiß Dresden"]
[Site "DVM U14 in Arendsee"]
[Date "2009.12.28"]
[Round "4.2"]
[White "Hahn, Cedric"]
[Black "Schrell, Konrad"]
[Result "0-1"]
[WhiteElo "1387"]
[BlackElo "1539"]
[PlyCount "73"]
[EventDate "2009.??.??"]
[WhiteTeam "SC Eppingen"]
[BlackTeam "SG Grün-Weiß Dresden"]

1. e4 c5 2. Nf3 e6 3. d4 cxd4 4. Nxd4 a6 5. Be2 Qc7 6. Be3 Bb4+ 7. Nd2 Nf6 8.
c3 Be7 {[%emt 0:00:00]} 9. f3 O-O 10. O-O d6 11. Qe1 Nbd7 12. f4 Nc5 13. Bf3
Re8 14. N4b3 Bd7 15. Nxc5 dxc5 16. g4 Bc6 17. Qf2 b6 18. f5 exf5 19. exf5 Bd6
20. Nc4 Bxf3 21. Nxd6 Nxg4 22. Qxf3 Qxd6 23. Bf4 Ne5 24. Qg3 f6 25. Rfe1 Re7
26. Re2 Rae8 27. Rae1 Kf8 28. h3 Qd5 29. Bxe5 Rxe5 30. Rxe5 Rxe5 31. Rxe5 fxe5
32. Kf1 Qd1+ 33. Kf2 Qd2+ 34. Kf1 Qc1+ 35. Ke2 Qxb2+ 36. Kd3 Qb1+ 37. Kc4 0-1

[Event "SC Eppingen-SG Grün-Weiß Dresden"]
[Site "DVM U14 in Arendsee"]
[Date "2009.12.28"]
[Round "4.3"]
[White "Lang, Sebastian"]
[Black "Essig, Philipp"]
[Result "1-0"]
[WhiteElo "1182"]
[BlackElo "1049"]
[PlyCount "135"]
[EventDate "2009.??.??"]
[WhiteTeam "SG Grün-Weiß Dresden"]
[BlackTeam "SC Eppingen"]

1. e4 e6 2. d3 d5 3. Nd2 Bc5 4. Ngf3 Nc6 5. g3 Nf6 6. Bg2 O-O 7. O-O d4 8. Nb3
Be7 9. e5 Ng4 10. Re1 f6 11. exf6 Bxf6 12. Nc5 e5 13. Ne4 Bf5 14. h3 Nh6 15.
Bxh6 gxh6 16. Nxf6+ Qxf6 17. Re2 Rae8 18. Nd2 b5 19. Ne4 Bxe4 20. Bxe4 Ne7 21.
Qd2 c5 22. Qa5 Qb6 23. Qxb6 axb6 24. a4 bxa4 25. Rxa4 Kf7 26. Ra6 Rb8 27. Bxh7
Kg7 28. Ra7 Kf6 29. f4 Nc6 30. fxe5+ Nxe5 31. Rf2+ Ke6 32. Rxf8 Rxf8 33. Be4
Kd6 34. Kg2 h5 35. Rh7 b5 36. Rh6+ Ke7 37. Rxh5 Ke6 38. Rh6+ Ke7 39. Rh7+ Ke6
40. Ra7 Kd6 41. Ra6+ Kc7 42. Re6 Nd7 43. Rc6+ Kd8 44. Rd6 Kc7 45. Rd5 Kc8 46.
Bf5 Rf7 47. Bxd7+ Rxd7 48. Rxd7 Kxd7 49. Kf3 Ke6 50. Ke4 Kd6 51. g4 Ke6 52. g5
Kf7 53. Kd5 Kg6 54. h4 c4 55. Kxd4 cxd3 56. cxd3 Kh5 57. Ke4 b4 58. d4 Kg6 59.
d5 Kh5 60. d6 Kxh4 61. d7 Kxg5 62. d8=Q+ Kg6 63. Qf8 b3 64. Qf5+ Kg7 65. Ke5
Kh6 66. Qg4 Kh7 67. Kf6 Kh8 68. Qg7# 1-0

[Event "SC Eppingen-SG Grün-Weiß Dresden"]
[Site "DVM U14 in Arendsee"]
[Date "2009.12.28"]
[Round "4.4"]
[White "Weißert, Oliver"]
[Black "Lorenz, Wenzel"]
[Result "1/2-1/2"]
[WhiteElo "922"]
[BlackElo "1128"]
[PlyCount "56"]
[EventDate "2009.??.??"]
[WhiteTeam "SC Eppingen"]
[BlackTeam "SG Grün-Weiß Dresden"]

1. e4 e6 2. d4 d5 3. exd5 exd5 4. Bd3 Bd6 5. Nf3 Nc6 6. Nc3 Nf6 7. O-O O-O 8.
Bg5 h6 9. Bh4 Nb4 10. a3 Nxd3 11. Qxd3 c6 12. b4 b5 13. Ne5 Bb7 14. Rae1 Bc7
15. Na2 Qd6 16. Qg3 a5 17. Re3 axb4 18. Nxb4 Ba5 19. c3 Ne4 20. Qf4 c5 21. dxc5
Nxc5 22. Rd1 Nd7 23. Qg3 Rae8 24. Nxd7 Qxd7 25. Red3 Bxb4 26. axb4 Re6 27. Qh3
Rfe8 28. f3 Qd6 1/2-1/2